000 00764nam a2200253 i 4500
003 DO-SdBNP
005 20240312094018.0
007 ta
008 240312b1901 sp ||||| |||| 00| 0 spa d
040 _aDO-SdBNP
_bspa
_cBNPHU
_erda
082 4 _222
100 1 _aTolstoy, León,
_eautor
_985017
245 1 0 _aImitaciones /
_cLeón Tolstoy ; traducción, R. Sempau, C. Sos Gauteau
264 _aBarcelona :
_bMaucci,
_c1901.
300 _a287 páginas ;
_c18 cm.
336 _2rdacontent
_atexto
_btxt
337 _2rdamedia
_asin mediación
_bn
338 _2rdacarrier
_avolumen
_bnc
590 _aInventariado, 2024/BT
700 1 _aSempau, R.,
_etraducción
_985018
700 1 _aGautreau, C. Sos,
_etraducción
_985019
910 _aBtavárez
942 _2ddc
_cLBS1
999 _c56075
_d56075